World Press Photo 15 (Record no. 8112)

MARC details
000 -CABECERA
campo de control de longitud fija 00817nam a2200217 a 4500
001 - NÚMERO DE CONTROL
campo de control BRCA_8445
005 - FECHA Y HORA DE LA ÚLTIMA TRANSACCIÓN
campo de control 20190320210301.0
008 - DATOS DE LONGITUD FIJA--INFORMACIÓN GENERAL
campo de control de longitud fija 090910s2015----ne-o######---#000-0#spa-#
020 ## - NÚMERO INTERNACIONAL ESTÁNDAR DEL LIBRO
Número Internacional Estándar del Libro 9789053308554
041 ## - CÓDIGO DE LENGUA
Código de lengua del texto/banda sonora o título independiente spa
044 ## - CÓDIGO DEL PAÍS DE LA ENTIDAD EDITORA/PRODUCTORA
Código MARC del país ne
050 #4 - SIGNATURA TOPOGRÁFICA DE LA BIBLIOTECA DEL CONGRESO
Número de clasificación TR820
Número de documento/Ítem .W67 2015
245 10 - MENCIÓN DE TÍTULO
Título World Press Photo 15
Mención de responsabilidad, etc. traducción Cristina Rodríguez Fischer.
260 ## - PUBLICACIÓN, DISTRIBUCIÓN, ETC.
Lugar de publicación, distribución, etc. Ámsterdam, Países Bajos
Nombre del editor, distribuidor, etc. Schilt Publishing : Stichting World Press Photo
Fecha de publicación, distribución, etc. 2015
300 ## - DESCRIPCIÓN FÍSICA
Extensión 157 p.
Otras características físicas il. (algunas a color)
Dimensiones 30 cm.
500 ## - NOTA GENERAL
Nota general Catálogo de la exposición realizada en el Museo Franz Mayer (Ciudad de México), 27 agosto - 27 septiembre, 2015
650 14 - PUNTO DE ACCESO ADICIONAL DE MATERIA--TÉRMINO DE MATERIA
Término de materia o nombre geográfico como elemento de entrada Fotoperiodismo
Subdivisión de forma Exposiciones
Subdivisión general Premios
9 (RLIN) 5406
650 14 - PUNTO DE ACCESO ADICIONAL DE MATERIA--TÉRMINO DE MATERIA
Término de materia o nombre geográfico como elemento de entrada Fotografía
Subdivisión de forma Exposiciones
Subdivisión general Premios
9 (RLIN) 5407
700 1# - PUNTO DE ACCESO ADICIONAL--NOMBRE DE PERSONA
Nombre de persona Rodríguez Fischer, Cristina
Término indicativo de función/relación tr.
9 (RLIN) 11352
942 ## - ELEMENTOS DE PUNTO DE ACCESO ADICIONAL (KOHA)
Fuente del sistema de clasificación o colocación Library of Congress Classification
Tipo de ítem Koha Libros
Holdings
Estado de retiro Estado de pérdida Estado dañado No para préstamo Localización permanente Ubicación/localización actual Fecha de adquisición Total de préstamos Signatura topográfica completa Código de barras Fecha visto por última vez Precio válido a partir de Tipo de ítem Koha
El ejemplar forma parte de la colección y puede ser consultado según las políticas vigentes.       Biblioteca del Museo Franz Mayer (Rogerio Casas-Alatriste) Biblioteca del Museo Franz Mayer (Rogerio Casas-Alatriste) 26/10/2015   TR820 .W67 2015 02891 22/03/2019 22/03/2019 Libros